[Event "DEM U12w 2025"]
[Site "Willingen GER"]
[Date "2025.06.13"]
[Round "8"]
[White "Hendler, Felicitas"]
[Black "Sriram, Yashasri"]
[Result "1-0"]
[Termination "normal"]
[Board "17"]
[WhiteElo "1519"]
[BlackElo "1547"]
[WhiteClock "00:13:48"]
[BlackClock "00:44:27"]
[PlyCount "105"]
[WhiteFideId "34616519"]
[BlackFideId "34656243"]
[EventCountry "GER"]
[EventRounds "9"]
[EventType "swiss"]
[EventDate "2025.06.07"]

1. e4 {[%clk 01:30:54]} {[%emt 00:00:05]} e6 {[%clk 01:30:41]} {[%emt
00:00:19]} 2. d4 {[%clk 01:30:35]} {[%emt 00:00:49]} d5 {[%clk 01:31:08]}
{[%emt 00:00:03]} 3. Nd2 {[%clk 01:29:40]} {[%emt 00:01:25]} c5 {[%clk
01:31:36]} {[%emt 00:00:02]} 4. exd5 {[%clk 01:29:53]} {[%emt 00:00:17]} exd5
{[%clk 01:32:00]} {[%emt 00:00:05]} 5. c4 {[%clk 01:21:54]} {[%emt 00:08:29]}
Nf6 {[%clk 01:29:32]} {[%emt 00:02:58]} 6. Ngf3 {[%clk 01:18:20]} {[%emt
00:04:05]} Bf5 {[%clk 01:26:22]} {[%emt 00:03:40]} 7. Qb3 {[%clk 01:14:11]}
{[%emt 00:04:39]} b6 {[%clk 01:23:32]} {[%emt 00:03:20]} 8. cxd5 {[%clk
01:11:56]} {[%emt 00:02:45]} Qxd5 {[%clk 01:20:52]} {[%emt 00:03:10]} 9. Bc4
{[%clk 01:10:03]} {[%emt 00:02:23]} Qb7 {[%clk 01:20:38]} {[%emt 00:00:44]} 10.
O-O {[%clk 01:08:50]} {[%emt 00:01:42]} Nc6 {[%clk 01:17:49]} {[%emt 00:03:19]}
11. Re1+ {[%clk 01:06:25]} {[%emt 00:02:55]} Kd7 {[%clk 01:17:23]} {[%emt
00:00:57]} 12. Ne5+ {[%clk 01:01:30]} {[%emt 00:05:23]} Kc8 {[%clk 01:15:07]}
{[%emt 00:02:47]} 13. Qa4 {[%clk 00:47:09]} {[%emt 00:14:52]} Na5 {[%clk
01:10:20]} {[%emt 00:05:17]} 14. dxc5 {[%clk 00:32:44]} {[%emt 00:14:54]} Bxc5
{[%clk 01:08:17]} {[%emt 00:02:33]} 15. Nxf7 {[%clk 00:28:27]} {[%emt
00:04:47]} Rf8 {[%clk 01:04:24]} {[%emt 00:04:23]} 16. Ng5 {[%clk 00:26:33]}
{[%emt 00:02:24]} Ng4 {[%clk 01:00:44]} {[%emt 00:04:10]} 17. Re8+ {[%clk
00:22:30]} {[%emt 00:04:34]} Kc7 {[%clk 00:59:13]} {[%emt 00:02:02]} 18. Rxf8
{[%clk 00:18:38]} {[%emt 00:04:20]} Rxf8 {[%clk 00:59:30]} {[%emt 00:00:14]}
19. Be6 {[%clk 00:13:05]} {[%emt 00:06:03]} Bxf2+ {[%clk 00:56:37]} {[%emt
00:03:25]} 20. Kh1 {[%clk 00:13:08]} {[%emt 00:00:26]} Qc6 {[%clk 00:47:08]}
{[%emt 00:10:00]} 21. Qf4+ {[%clk 00:12:47]} {[%emt 00:00:50]} Qd6 {[%emt
00:00:56]} 22. Ndf3 {[%clk 00:10:01]} {[%emt 00:03:14]} Bg6 {[%clk 00:38:11]}
{[%emt 00:09:04]} 23. Qxd6+ {[%clk 00:09:53]} {[%emt 00:00:38]} Kxd6 {[%clk
00:38:30]} {[%emt 00:00:11]} 24. Bxg4 {[%clk 00:10:08]} {[%emt 00:00:15]} h6
{[%clk 00:38:10]} {[%emt 00:00:50]} 25. Ne6 {[%clk 00:09:48]} {[%emt 00:00:49]}
Rf6 {[%clk 00:37:54]} {[%emt 00:00:47]} 26. Bf4+ {[%clk 00:09:06]} {[%emt
00:01:12]} Ke7 {[%clk 00:37:56]} {[%emt 00:00:27]} 27. Bc7 {[%clk 00:08:49]}
{[%emt 00:00:47]} Bf5 {[%clk 00:37:49]} {[%emt 00:00:37]} 28. Bd8+ {[%clk
00:07:30]} {[%emt 00:01:50]} Kxe6 {[%clk 00:37:47]} {[%emt 00:00:31]} 29. Bxf6
{[%clk 00:07:47]} {[%emt 00:00:14]} Kxf6 {[%clk 00:37:54]} {[%emt 00:00:23]}
30. Bxf5 {[%clk 00:08:06]} {[%emt 00:00:10]} Kxf5 {[%clk 00:37:53]} {[%emt
00:00:32]} 31. Rd1 {[%clk 00:08:18]} {[%emt 00:00:18]} g5 {[%clk 00:37:24]}
{[%emt 00:00:59]} 32. Nd4+ {[%clk 00:08:31]} {[%emt 00:00:17]} Bxd4 {[%clk
00:37:44]} {[%emt 00:00:09]} 33. Rxd4 {[%clk 00:08:54]} {[%emt 00:00:07]} Ke5
{[%clk 00:38:07]} {[%emt 00:00:07]} 34. Rd7 {[%clk 00:09:12]} {[%emt 00:00:13]}
Nc6 {[%clk 00:38:12]} {[%emt 00:00:25]} 35. Rh7 {[%clk 00:09:33]} {[%emt
00:00:09]} a5 {[%clk 00:38:09]} {[%emt 00:00:33]} 36. Rxh6 {[%clk 00:09:52]}
{[%emt 00:00:11]} Nb4 {[%clk 00:38:34]} {[%emt 00:00:05]} 37. Rxb6 {[%clk
00:10:03]} {[%emt 00:00:19]} Nxa2 {[%clk 00:38:53]} {[%emt 00:00:12]} 38. Rb5+
{[%clk 00:10:22]} {[%emt 00:00:10]} Kd4 {[%clk 00:39:08]} {[%emt 00:00:14]} 39.
Rxa5 {[%clk 00:10:37]} {[%emt 00:00:16]} Nb4 {[%clk 00:39:29]} {[%emt
00:00:09]} 40. Ra4 {[%clk 00:10:52]} {[%emt 00:00:15]} Kc4 {[%clk 00:39:50]}
{[%emt 00:00:09]} 41. g3 {[%clk 00:11:02]} {[%emt 00:00:20]} Kb3 {[%clk
00:40:13]} {[%emt 00:00:08]} 42. Rxb4+ {[%clk 00:11:05]} {[%emt 00:00:27]} Kxb4
{[%clk 00:40:38]} {[%emt 00:00:05]} 43. h4 {[%clk 00:11:26]} {[%emt 00:00:08]}
Kb3 {[%clk 00:40:51]} {[%emt 00:00:18]} 44. h5 {[%clk 00:11:33]} {[%emt
00:00:22]} Kxb2 {[%clk 00:41:16]} {[%emt 00:00:06]} 45. h6 {[%clk 00:11:56]}
{[%emt 00:00:07]} g4 {[%clk 00:41:42]} {[%emt 00:00:04]} 46. h7 {[%clk
00:12:20]} {[%emt 00:00:06]} Kc2 {[%clk 00:42:09]} {[%emt 00:00:03]} 47. h8=Q
{[%clk 00:12:40]} {[%emt 00:00:09]} Kd2 {[%clk 00:42:33]} {[%emt 00:00:06]} 48.
Qe5 {[%clk 00:12:53]} {[%emt 00:00:18]} Kd1 {[%clk 00:42:53]} {[%emt 00:00:10]}
49. Qe3 {[%clk 00:12:33]} {[%emt 00:00:49]} Kc2 {[%clk 00:43:17]} {[%emt
00:00:07]} 50. Qd4 {[%clk 00:12:56]} {[%emt 00:00:07]} Kc1 {[%clk 00:43:40]}
{[%emt 00:00:07]} 51. Qf2 {[%clk 00:13:10]} {[%emt 00:00:15]} Kb1 {[%clk
00:44:03]} {[%emt 00:00:07]} 52. Qd2 {[%clk 00:13:27]} {[%emt 00:00:12]} Ka1
{[%clk 00:44:27]} {[%emt 00:00:07]} 53. Kg2 {[%clk 00:13:48]} {[%emt 00:00:08]}
1-0

[Event "DEM U12w 2025"]
[Site "Willingen GER"]
[Date "2025.06.13"]
[Round "8"]
[White "Wolf, Aurelia"]
[Black "Kühn, Nicole"]
[Result "1/2-1/2"]
[Termination "normal"]
[Board "18"]
[WhiteElo "1410"]
[BlackElo "1596"]
[WhiteClock "00:40:19"]
[BlackClock "00:13:29"]
[PlyCount "94"]
[WhiteFideId "34671048"]
[BlackFideId "34610510"]
[EventCountry "GER"]
[EventRounds "9"]
[EventType "swiss"]
[EventDate "2025.06.07"]

1. e4 {[%clk 01:30:57]} {[%emt 00:00:02]} e5 {[%clk 01:30:30]} {[%emt
00:00:29]} 2. Nf3 {[%clk 01:31:20]} {[%emt 00:00:08]} Nc6 {[%clk 01:30:13]}
{[%emt 00:00:48]} 3. Bc4 {[%clk 01:31:42]} {[%emt 00:00:07]} Be7 {[%clk
01:30:05]} {[%emt 00:00:37]} 4. d4 {[%clk 01:32:01]} {[%emt 00:00:11]} d6
{[%clk 01:30:18]} {[%emt 00:00:18]} 5. dxe5 {[%clk 01:28:04]} {[%emt 00:04:26]}
dxe5 {[%clk 01:23:56]} {[%emt 00:06:52]} 6. Qxd8+ {[%clk 01:28:08]} {[%emt
00:00:26]} Bxd8 {[%clk 01:23:21]} {[%emt 00:01:06]} 7. Nc3 {[%clk 01:26:14]}
{[%emt 00:02:24]} Nf6 {[%clk 01:21:29]} {[%emt 00:02:22]} 8. Bb5 {[%clk
01:22:19]} {[%emt 00:04:26]} Bd7 {[%clk 01:19:09]} {[%emt 00:02:50]} 9. Be3
{[%clk 01:20:55]} {[%emt 00:01:53]} Be7 {[%clk 01:13:59]} {[%emt 00:05:40]} 10.
O-O-O {[%clk 01:20:26]} {[%emt 00:00:58]} a6 {[%clk 01:10:39]} {[%emt
00:03:51]} 11. Bxc6 {[%clk 01:17:57]} {[%emt 00:02:58]} Bxc6 {[%clk 01:08:43]}
{[%emt 00:02:26]} 12. Nd5 {[%clk 01:18:06]} {[%emt 00:00:21]} Bd6 {[%clk
01:05:18]} {[%emt 00:03:55]} 13. Nxf6+ {[%clk 01:17:31]} {[%emt 00:01:06]} gxf6
{[%clk 01:04:41]} {[%emt 00:01:08]} 14. Nd2 {[%clk 01:14:35]} {[%emt 00:03:25]}
O-O-O {[%clk 01:00:51]} {[%emt 00:04:20]} 15. f3 {[%clk 01:14:08]} {[%emt
00:00:57]} Bb5 {[%clk 00:53:11]} {[%emt 00:08:10]} 16. Nf1 {[%clk 01:09:44]}
{[%emt 00:04:55]} Bc4 {[%clk 00:48:51]} {[%emt 00:04:50]} 17. Ng3 {[%clk
01:07:50]} {[%emt 00:02:23]} Bxa2 {[%clk 00:48:22]} {[%emt 00:00:58]} 18. Nf5
{[%clk 01:06:01]} {[%emt 00:02:20]} Be6 {[%clk 00:45:29]} {[%emt 00:03:23]} 19.
Nxd6+ {[%clk 01:02:29]} {[%emt 00:04:01]} Rxd6 {[%clk 00:43:42]} {[%emt
00:02:17]} 20. Bc5 {[%clk 01:01:21]} {[%emt 00:01:40]} Rxd1+ {[%clk 00:40:42]}
{[%emt 00:03:29]} 21. Rxd1 {[%clk 01:01:40]} {[%emt 00:00:11]} Rd8 {[%clk
00:40:39]} {[%emt 00:00:33]} 22. g4 {[%clk 00:58:08]} {[%emt 00:04:03]} Bc4
{[%clk 00:35:14]} {[%emt 00:05:53]} 23. Be7 {[%clk 00:57:03]} {[%emt 00:01:36]}
Rd7 {[%clk 00:34:56]} {[%emt 00:00:48]} 24. Bxf6 {[%clk 00:54:26]} {[%emt
00:03:07]} Be2 {[%clk 00:34:45]} {[%emt 00:00:41]} 25. Rxd7 {[%clk 00:49:26]}
{[%emt 00:05:23]} Kxd7 {[%clk 00:35:00]} {[%emt 00:00:22]} 26. Bxe5 {[%clk
00:49:47]} {[%emt 00:00:09]} Bxf3 {[%clk 00:35:18]} {[%emt 00:00:12]} 27. g5
{[%clk 00:50:04]} {[%emt 00:00:13]} Bxe4 {[%clk 00:35:28]} {[%emt 00:00:19]}
28. h4 {[%clk 00:50:20]} {[%emt 00:00:15]} Bg6 {[%clk 00:34:59]} {[%emt
00:00:59]} 29. c3 {[%clk 00:50:20]} {[%emt 00:00:31]} c6 {[%clk 00:35:00]}
{[%emt 00:00:28]} 30. Bd4 {[%clk 00:50:36]} {[%emt 00:00:14]} Kd6 {[%clk
00:34:09]} {[%emt 00:01:21]} 31. Bb6 {[%clk 00:50:15]} {[%emt 00:00:51]} Kd5
{[%clk 00:33:39]} {[%emt 00:00:59]} 32. b3 {[%clk 00:50:17]} {[%emt 00:00:31]}
Ke4 {[%clk 00:33:36]} {[%emt 00:00:32]} 33. Bf2 {[%clk 00:50:32]} {[%emt
00:00:16]} Kf3 {[%clk 00:31:39]} {[%emt 00:02:27]} 34. Be1 {[%clk 00:47:58]}
{[%emt 00:03:03]} Ke2 {[%clk 00:30:16]} {[%emt 00:01:54]} 35. Bg3 {[%clk
00:48:14]} {[%emt 00:00:13]} Be4 {[%clk 00:28:54]} {[%emt 00:01:52]} 36. b4
{[%clk 00:47:32]} {[%emt 00:01:13]} Kd3 {[%clk 00:23:48]} {[%emt 00:05:36]} 37.
Kb2 {[%clk 00:47:42]} {[%emt 00:00:20]} Kc4 {[%clk 00:22:38]} {[%emt 00:01:40]}
38. Bf2 {[%clk 00:47:36]} {[%emt 00:00:35]} Kb5 {[%clk 00:21:44]} {[%emt
00:01:26]} 39. Be3 {[%clk 00:46:03]} {[%emt 00:02:02]} a5 {[%clk 00:20:16]}
{[%emt 00:01:58]} 40. bxa5 {[%clk 00:45:01]} {[%emt 00:01:32]} Kxa5 {[%clk
00:19:46]} {[%emt 00:01:01]} 41. Ka3 {[%clk 00:44:39]} {[%emt 00:00:51]} Bd5
{[%clk 00:19:38]} {[%emt 00:00:37]} 42. Bd2 {[%clk 00:43:38]} {[%emt 00:01:31]}
Kb5 {[%clk 00:19:15]} {[%emt 00:00:54]} 43. Bf4 {[%clk 00:43:46]} {[%emt
00:00:22]} Kc4 {[%clk 00:18:21]} {[%emt 00:01:23]} 44. Be5 {[%clk 00:43:29]}
{[%emt 00:00:42]} b5 {[%clk 00:17:59]} {[%emt 00:00:57]} 45. Bf6 {[%clk
00:42:21]} {[%emt 00:01:38]} Kd3 {[%clk 00:17:09]} {[%emt 00:01:20]} 46. Kb4
{[%clk 00:40:22]} {[%emt 00:02:30]} Ke4 {[%clk 00:16:33]} {[%emt 00:01:05]} 47.
h5 {[%clk 00:40:19]} {[%emt 00:00:33]} Kf5 {[%clk 00:13:29]} {[%emt 00:03:34]}
1/2-1/2

[Event "DEM U12w 2025"]
[Site "Willingen GER"]
[Date "2025.06.13"]
[Round "8"]
[White "Nehrukumar, Rithika"]
[Black "Jänsch, Layla"]
[Result "1/2-1/2"]
[Termination "normal"]
[Board "19"]
[WhiteElo "1692"]
[BlackElo "1095"]
[WhiteClock "00:50:07"]
[BlackClock "00:33:27"]
[PlyCount "49"]
[WhiteFideId "34660550"]
[BlackFideId "533043477"]
[EventCountry "GER"]
[EventRounds "9"]
[EventType "swiss"]
[EventDate "2025.06.07"]

1. e4 {[%clk 01:30:52]} {[%emt 00:00:07]} e5 {[%clk 01:30:55]} {[%emt
00:00:05]} 2. Nc3 {[%clk 01:31:18]} {[%emt 00:00:05]} Nf6 {[%clk 01:30:52]}
{[%emt 00:00:32]} 3. f4 {[%clk 01:31:41]} {[%emt 00:00:07]} d5 {[%clk
01:28:39]} {[%emt 00:02:44]} 4. fxe5 {[%clk 01:31:52]} {[%emt 00:00:19]} Nxe4
{[%clk 01:28:23]} {[%emt 00:00:46]} 5. Qf3 {[%clk 01:25:09]} {[%emt 00:07:13]}
Nxc3 {[%clk 01:22:42]} {[%emt 00:06:12]} 6. bxc3 {[%clk 01:23:30]} {[%emt
00:02:08]} Nc6 {[%clk 01:20:31]} {[%emt 00:02:41]} 7. d4 {[%clk 01:23:07]}
{[%emt 00:00:53]} g6 {[%clk 01:16:35]} {[%emt 00:04:26]} 8. Bd3 {[%clk
01:19:19]} {[%emt 00:04:18]} h5 {[%clk 01:14:55]} {[%emt 00:02:09]} 9. h3
{[%clk 01:14:51]} {[%emt 00:04:59]} Bg4 {[%clk 01:08:05]} {[%emt 00:07:18]} 10.
Qf6 {[%clk 01:05:06]} {[%emt 00:10:14]} Qxf6 {[%clk 01:05:17]} {[%emt
00:03:21]} 11. exf6 {[%clk 01:04:49]} {[%emt 00:00:47]} Be6 {[%emt 00:06:50]}
12. Nf3 {[%clk 01:02:07]} {[%emt 00:00:12]} Bd6 {[%clk 00:56:31]} {[%emt
00:05:55]} 13. O-O {[%clk 01:01:00]} {[%emt 00:01:39]} O-O-O {[%clk 00:53:33]}
{[%emt 00:03:28]} 14. Ng5 {[%clk 01:00:34]} {[%emt 00:00:51]} Rde8 {[%clk
00:51:23]} {[%emt 00:02:43]} 15. Bd2 {[%clk 00:59:03]} {[%emt 00:02:01]} Nb8
{[%clk 00:48:32]} {[%emt 00:03:20]} 16. Rae1 {[%clk 00:54:44]} {[%emt
00:04:51]} Kd7 {[%clk 00:43:00]} {[%emt 00:05:58]} 17. Nxe6 {[%clk 00:53:16]}
{[%emt 00:02:03]} Rxe6 {[%clk 00:43:09]} {[%emt 00:00:20]} 18. Rxe6 {[%clk
00:53:41]} {[%emt 00:00:05]} Kxe6 {[%clk 00:43:30]} {[%emt 00:00:09]} 19. c4
{[%clk 00:53:52]} {[%emt 00:00:20]} c6 {[%clk 00:42:01]} {[%emt 00:01:57]} 20.
cxd5+ {[%clk 00:52:03]} {[%emt 00:02:21]} cxd5 {[%clk 00:42:11]} {[%emt
00:00:19]} 21. c4 {[%clk 00:52:14]} {[%emt 00:00:20]} a6 {[%clk 00:39:32]}
{[%emt 00:03:09]} 22. c5 {[%clk 00:52:22]} {[%emt 00:00:21]} Bc7 {[%clk
00:37:12]} {[%emt 00:02:48]} 23. Bc2 {[%clk 00:52:33]} {[%emt 00:00:21]} b6
{[%clk 00:36:11]} {[%emt 00:01:31]} 24. Bb3 {[%clk 00:51:19]} {[%emt 00:01:44]}
Rd8 {[%clk 00:33:27]} {[%emt 00:02:49]} 25. Bg5 {[%clk 00:50:07]} 1/2-1/2

[Event "DEM U12w 2025"]
[Site "Willingen GER"]
[Date "2025.06.13"]
[Round "8"]
[White "Vasilieva, Victoria"]
[Black "Tadic, Lena"]
[Result "1/2-1/2"]
[Termination "normal"]
[Board "20"]
[WhiteElo "1554"]
[BlackElo "1174"]
[WhiteClock "00:36:29"]
[BlackClock "00:46:53"]
[PlyCount "49"]
[WhiteFideId "533007071"]
[BlackFideId "34687300"]
[EventCountry "GER"]
[EventRounds "9"]
[EventType "swiss"]
[EventDate "2025.06.07"]

1. d4 {[%clk 01:30:57]} {[%emt 00:00:02]} Nf6 {[%clk 01:30:48]} {[%emt
00:00:11]} 2. c4 {[%clk 01:31:11]} {[%emt 00:00:17]} g6 {[%clk 01:31:07]}
{[%emt 00:00:10]} 3. g3 {[%clk 01:30:23]} {[%emt 00:01:19]} Bg7 {[%clk
01:30:52]} {[%emt 00:00:44]} 4. Bg2 {[%clk 01:29:37]} {[%emt 00:01:17]} O-O
{[%clk 01:30:40]} {[%emt 00:00:41]} 5. Nf3 {[%clk 01:27:34]} {[%emt 00:02:34]}
d6 {[%clk 01:28:45]} {[%emt 00:02:25]} 6. Nc3 {[%clk 01:24:01]} {[%emt
00:04:03]} Nbd7 {[%clk 01:26:15]} {[%emt 00:02:59]} 7. O-O {[%clk 01:20:01]}
{[%emt 00:04:30]} e5 {[%clk 01:23:22]} {[%emt 00:03:23]} 8. dxe5 {[%clk
01:10:00]} {[%emt 00:10:29]} dxe5 {[%clk 01:23:23]} {[%emt 00:00:31]} 9. Bg5
{[%clk 01:08:42]} {[%emt 00:01:48]} h6 {[%clk 01:20:49]} {[%emt 00:03:02]} 10.
Be3 {[%clk 01:05:13]} {[%emt 00:03:50]} Nh7 {[%clk 01:18:40]} {[%emt 00:02:50]}
11. Qd2 {[%clk 01:04:30]} {[%emt 00:01:10]} g5 {[%clk 01:16:16]} {[%emt
00:02:56]} 12. Rfd1 {[%clk 01:01:28]} {[%emt 00:03:33]} Qe7 {[%clk 01:10:43]}
{[%emt 00:05:57]} 13. Nd5 {[%clk 00:58:36]} {[%emt 00:03:23]} Qd6 {[%clk
01:08:20]} {[%emt 00:02:49]} 14. Rac1 {[%clk 00:55:18]} {[%emt 00:03:57]} c6
{[%clk 01:06:56]} {[%emt 00:01:54]} 15. Nc3 {[%clk 00:53:53]} {[%emt 00:01:54]}
Qxd2 {[%clk 01:07:06]} {[%emt 00:00:21]} 16. Rxd2 {[%clk 00:54:05]} {[%emt
00:00:18]} Nb6 {[%clk 01:05:55]} {[%emt 00:01:37]} 17. b3 {[%clk 00:48:17]}
{[%emt 00:06:22]} Be6 {[%clk 01:02:52]} {[%emt 00:03:32]} 18. Rcd1 {[%clk
00:44:27]} {[%emt 00:04:21]} f5 {[%clk 00:57:57]} {[%emt 00:05:23]} 19. c5
{[%clk 00:41:23]} {[%emt 00:03:36]} Nd5 {[%clk 00:56:02]} {[%emt 00:02:25]} 20.
Rc2 {[%clk 00:38:01]} {[%emt 00:03:52]} Nxe3 {[%clk 00:54:44]} {[%emt
00:01:49]} 21. fxe3 {[%clk 00:38:17]} {[%emt 00:00:13]} Rad8 {[%clk 00:53:18]}
{[%emt 00:01:54]} 22. Rcd2 {[%clk 00:37:26]} {[%emt 00:01:22]} Rxd2 {[%clk
00:50:08]} {[%emt 00:03:41]} 23. Rxd2 {[%clk 00:37:45]} {[%emt 00:00:10]} e4
{[%clk 00:49:25]} {[%emt 00:01:12]} 24. Nd4 {[%clk 00:37:34]} {[%emt 00:00:42]}
Rd8 {[%clk 00:46:53]} {[%emt 00:02:59]} 25. Nb1 {[%clk 00:36:29]} {[%emt
00:01:38]} 1/2-1/2

[Event "DEM U12w 2025"]
[Site "Willingen GER"]
[Date "2025.06.13"]
[Round "8"]
[White "Ulianova, Anna"]
[Black "Ebel, Io Cornelia"]
[Result "1-0"]
[Termination "normal"]
[Board "22"]
[WhiteElo "1440"]
[BlackElo "982"]
[WhiteClock "00:48:35"]
[BlackClock "00:23:04"]
[PlyCount "51"]
[WhiteFideId "34682660"]
[BlackFideId "533043469"]
[EventCountry "GER"]
[EventRounds "9"]
[EventType "swiss"]
[EventDate "2025.06.07"]

1. e4 {[%clk 01:30:59]} e5 {[%clk 01:30:48]} {[%emt 00:00:13]} 2. Nf3 {[%clk
01:31:23]} {[%emt 00:00:06]} Nc6 {[%clk 01:31:08]} {[%emt 00:00:10]} 3. Bc4
{[%clk 01:31:47]} {[%emt 00:00:06]} Bc5 {[%clk 01:31:22]} {[%emt 00:00:16]} 4.
c3 {[%clk 01:32:04]} {[%emt 00:00:13]} Nf6 {[%clk 01:31:07]} {[%emt 00:00:44]}
5. d4 {[%clk 01:32:30]} {[%emt 00:00:05]} exd4 {[%clk 01:30:17]} {[%emt
00:01:20]} 6. O-O {[%clk 01:32:26]} {[%emt 00:00:35]} d6 {[%clk 01:25:08]}
{[%emt 00:05:39]} 7. cxd4 {[%clk 01:29:54]} {[%emt 00:03:02]} Bb6 {[%clk
01:19:57]} {[%emt 00:05:38]} 8. d5 {[%clk 01:24:44]} {[%emt 00:05:42]} Ne7
{[%clk 01:13:29]} {[%emt 00:06:58]} 9. Nc3 {[%clk 01:23:58]} {[%emt 00:01:17]}
Bg4 {[%clk 01:12:01]} {[%emt 00:01:55]} 10. Qd3 {[%clk 01:16:21]} {[%emt
00:08:11]} Ng6 {[%clk 01:06:58]} {[%emt 00:05:32]} 11. Bb5+ {[%clk 01:14:16]}
{[%emt 00:02:36]} Bd7 {[%clk 01:02:25]} {[%emt 00:05:02]} 12. Bxd7+ {[%clk
01:14:35]} {[%emt 00:00:11]} Qxd7 {[%clk 01:01:41]} {[%emt 00:01:14]} 13. Re1
{[%clk 01:12:31]} {[%emt 00:02:34]} Ng4 {[%clk 00:56:00]} {[%emt 00:06:10]} 14.
Re2 {[%clk 01:09:36]} {[%emt 00:03:26]} Bxf2+ {[%clk 00:50:34]} {[%emt
00:05:55]} 15. Rxf2 {[%clk 01:09:55]} {[%emt 00:00:11]} Nxf2 {[%clk 00:49:09]}
{[%emt 00:01:55]} 16. Kxf2 {[%clk 01:10:18]} {[%emt 00:00:07]} Rc8 {[%clk
00:46:24]} {[%emt 00:03:06]} 17. b3 {[%clk 01:06:19]} {[%emt 00:04:39]} c6
{[%clk 00:42:17]} {[%emt 00:04:21]} 18. Bb2 {[%clk 01:06:26]} {[%emt 00:00:39]}
b5 {[%clk 00:40:28]} {[%emt 00:02:17]} 19. dxc6 {[%clk 00:53:35]} {[%emt
00:13:24]} Qxc6 {[%clk 00:38:52]} {[%emt 00:02:05]} 20. Rc1 {[%clk 00:49:43]}
{[%emt 00:04:21]} b4 {[%clk 00:34:24]} {[%emt 00:04:58]} 21. Nb5 {[%clk
00:48:35]} {[%emt 00:01:39]} Qb6+ {[%clk 00:31:13]} {[%emt 00:03:40]} 22. Bd4
{[%clk 00:47:56]} {[%emt 00:01:09]} Qxd4+ {[%clk 00:23:40]} {[%emt 00:08:05]}
23. Qxd4 {[%clk 00:48:04]} {[%emt 00:00:22]} Rxc1 {[%clk 00:23:45]} {[%emt
00:00:25]} 24. Nxd6+ {[%clk 00:48:18]} {[%emt 00:00:17]} Ke7 {[%clk 00:23:27]}
{[%emt 00:00:47]} 25. Nf5+ {[%clk 00:48:35]} {[%emt 00:00:13]} Ke6 {[%clk
00:23:04]} {[%emt 00:00:53]} 26. Ng5# {[%emt 00:01:00]} 1-0